Right is might (Record no. 80225)
[ view plain ]
| 000 -LEADER | |
|---|---|
| fixed length control field | 00571nam a2200145 a 4500 |
| 008 - FIXED-LENGTH DATA ELEMENTS--GENERAL INFORMATION | |
| fixed length control field | 120416s1990 ||||||||||||||||| || u |
| 050 ## - LIBRARY OF CONGRESS CALL NUMBER | |
| Classification number | KJ 441 Chi |
| 100 ## - MAIN ENTRY--PERSONAL NAME | |
| Personal name | Chibamba, Abraham |
| 245 10 - TITLE STATEMENT | |
| Title | Right is might |
| 260 ## - PUBLICATION, DISTRIBUTION, ETC. | |
| Place of publication, distribution, etc. | Zimbabwe |
| Name of publisher, distributor, etc. | PLO |
| Date of publication, distribution, etc. | 1990 |
| 300 ## - PHYSICAL DESCRIPTION | |
| Extent | 240p. |
| 350 ## - | |
| -- | 0.00 |
| 995 ## - | |
| -- | SPECIAL COLLECTIONS |
| -- | 0.00 |
| -- | 721827 |
| -- | CBU-MAIN LIBRARY (Kitwe) |
| -- | 1 |
| -- | 250.00 |
| -- | ZAM KJ 441 Chi |
| -- | 1 |
| -- | AVAILABLE |
| -- | 024133 |
| -- | Zambiana Collection |
| 995 ## - | |
| -- | SPECIAL COLLECTIONS |
| -- | 0.00 |
| -- | 721826 |
| -- | CBU-MAIN LIBRARY (Kitwe) |
| -- | 2 |
| -- | 250.00 |
| -- | ZAM KJ 441 Chi |
| -- | 2 |
| -- | AVAILABLE |
| -- | 024260 |
| -- | Zambiana Collection |
| 999 ## - | |
| -- | 80225 |
| -- | 80225 |
| Withdrawn status | Lost status | Source of classification or shelving scheme | Damaged status | Not for loan | Permanent Location | Current Location | Shelving location | Date acquired | Total Checkouts | Full call number | Barcode | Date last seen | Copy number | Price effective from | Koha item type |
|---|---|---|---|---|---|---|---|---|---|---|---|---|---|---|---|
| CBU-MAIN LIBRARY, KITWE. | CBU-MAIN LIBRARY, KITWE. | 06/29/2023 | ZAM KJ 441 Chi | 024133 | 06/29/2023 | 1 | 06/29/2023 | SPECIAL COLLECTION | |||||||
| CBU-MAIN LIBRARY, KITWE. | CBU-MAIN LIBRARY, KITWE. | 06/29/2023 | ZAM KJ 441 Chi | 024260 | 06/29/2023 | 2 | 06/29/2023 | SPECIAL COLLECTION |